2025 Africa Cup of Nations Knockout Stage. - Statistics

General Stats
  • This quiz has been taken 18 times
  • The average score is 14 of 16
Answer Stats
Answer % Correct
Morocco
100%
Mali
100%
Senegal
100%
Egypt
100%
Cameroon
94%
Nigeria
94%
Algeria
94%
South Africa
94%
Tunisia
94%
Sudan
82%
DR Congo
82%
Ivory Coast
76%
Tanzania
71%
Benin
65%
Burkina Faso
59%
Mozambique
59%
No matching quizzes found
Score Distribution
Percent of People with Each Score
Percentile by Number Answered
Your Score History
You have not taken this quiz